Notice archéologique sur une petite basilique sise à Rouis (Cercle de Tébessa).

Saved in:
Bibliographic Details
Main Author: Guénin, François Etienne Marie Gabriel.
Format: Book
Language:French
Subjects:
Tags: Add Tag
No Tags, Be the first to tag this record!
LEADER 00936nam a2200229K 4500
001 006123775-2
005 20100119170659.0
008 951029s1906 ae af 000 0 fre d
035 0 |a ocm82937730 
040 |a DDO  |c DDO 
043 |a f-ae--- 
100 1 |a Guénin, François Etienne Marie Gabriel. 
245 1 0 |a Notice archéologique sur une petite basilique sise à Rouis (Cercle de Tébessa). 
300 |a p. 159-165, [4] leaves of plates :  |b ill. ;  |c 23 cm. 
500 |a Extracted from: Recueil des notices et mémoires de la Société archéologique du département de Constantine. T. 40 (1906). 
650 0 |a Excavations (Archaeology)  |z Algeria  |z Tébessa. 
651 0 |a Tébessa (Algeria)  |x Antiquities, Roman. 
651 0 |a Tébessa (Algeria)  |x Antiquities. 
651 0 |a Algeria  |x Antiquities. 
730 0 |a Recueil des notices et mémoires de la Société archéologique du département de Constantine. 
988 |a 20020608 
906 |0 MH